00574 a2200157 4500010001400000020002600014035001300040037001500053082001300068100001900081245009000100260004500190270006200235300002600297500009300323 aENG-86595 a9780195690828c295.00 aEN-70128 bDBAD / PUB14a320.95451 aBaruah, Sanjib1 aDurable disorder :cby Sanjib Baruahbunderstanding the politics of northeast India / aNew DelhibOxford University Pressc2007 aYMCA Library Building, Jai Singh RoadbNew Delhie110 001 axix, 265pc21cm (pbk) aHB of the same book recd. on 2.6.2005 and includes bibliographical references and index